Republican Candidates for President and Vice President - Statistics

General Stats
  • This quiz has been taken 28 times
  • The average score is 59 of 86
Answer Stats
Hint Answer % Correct
1860 Abraham Lincoln
96%
1864 Abraham Lincoln
96%
2016 Donald Trump
96%
2020 Donald Trump
96%
2024 Donald Trump
96%
2024 JD Vance
96%
2016 Mike Pence
96%
2020 Mike Pence
96%
1952 Dwight D. Eisenhower
92%
1956 Dwight D. Eisenhower
92%
1988 George H.W. Bush
92%
1992 George H.W. Bush
92%
1980 George H.W. Bush
92%
1984 George H.W. Bush
92%
2000 George W. Bush
92%
2004 George W. Bush
92%
1976 Gerald Ford
92%
1960 Richard Nixon
92%
1968 Richard Nixon
92%
1972 Richard Nixon
92%
1952 Richard Nixon
92%
1956 Richard Nixon
92%
1980 Ronald Reagan
92%
1984 Ronald Reagan
92%
2012 Mitt Romney
88%
1924 Calvin Coolidge
83%
1920 Calvin Coolidge
83%
1928 Herbert Hoover
83%
1932 Herbert Hoover
83%
2008 John McCain
83%
1904 Theodore Roosevelt
83%
1900 Theodore Roosevelt
83%
1896 William McKinley
83%
1900 William McKinley
83%
1888 Benjamin Harrison
79%
1892 Benjamin Harrison
79%
1996 Bob Dole
79%
1976 Bob Dole
79%
1988 Dan Quayle
79%
1992 Dan Quayle
79%
2000 Dick Cheney
79%
2004 Dick Cheney
79%
1876 Rutherford B. Hayes
79%
1868 Ulysses S. Grant
79%
1872 Ulysses S. Grant
79%
1908 William Howard Taft
79%
1912 William Howard Taft
79%
1864 Andrew Johnson
75%
1880 James A. Garfield
75%
2008 Sarah Palin
75%
1936 Alf Landon
71%
1964 Barry Goldwater
71%
1880 Chester A. Arthur
71%
1944 Thomas E. Dewey
71%
1948 Thomas E. Dewey
71%
1920 Warren G. Harding
71%
1940 Wendell Willkie
71%
1856 John C. Frémont
67%
1968 Spiro Agnew
67%
1972 Spiro Agnew
67%
1884 James G. Blaine
63%
2012 Paul Ryan
63%
1916 Charles E. Hughes
50%
1860 Hannibal Hamlin
50%
1960 Henry Cabot Lodge Jr.
46%
1928 Charles Curtis
38%
1932 Charles Curtis
38%
1924 Charles G. Dawes
38%
1964 William E. Miller
38%
1904 Charles W. Fairbanks
33%
1916 Charles W. Fairbanks
33%
1872 Henry Wilson
33%
1908 James S. Sherman
33%
1868 Schuyler Colfax
33%
1896 Garret Hobart
29%
1996 Jack Kemp
29%
1876 William A. Wheeler
29%
1948 Earl Warren
25%
1936 Frank Knox
21%
1944 John W. Bricker
21%
1888 Levi P. Morton
21%
1856 William L. Dayton
21%
1940 Charles L. McNary
17%
1884 John A. Logan
17%
1912 Nicholas M. Butler
17%
1892 Whitelaw Reid
17%
No matching quizzes found
Score Distribution
Percent of People with Each Score
Percentile by Number Answered
Your Score History
You have not taken this quiz